Beyond opinion : (Record no. 8843)

MARC details
000 -LEADER
fixed length control field 02092cam a2200301 a 4500
001 - CONTROL NUMBER
control field 169873695
003 - CONTROL NUMBER IDENTIFIER
control field OCoLC
005 - DATE AND TIME OF LATEST TRANSACTION
control field 20241126110659.0
008 - FIXED-LENGTH DATA ELEMENTS--GENERAL INFORMATION
fixed length control field 070904s2007 tnu b 000 0 eng
010 ## -
-- 2007036194
020 ## - INTERNATIONAL STANDARD BOOK NUMBER
International Standard Book Number 9780849919688 (hc)
020 ## - INTERNATIONAL STANDARD BOOK NUMBER
International Standard Book Number 0849919681
035 ## - SYSTEM CONTROL NUMBER
System control number (OCoLC)169873695
Canceled/invalid control number (OCoLC)156822759
040 ## - CATALOGING SOURCE
Original cataloging agency DLC
Language of cataloging eng
Transcribing agency DLC
Modifying agency YDX
-- BTCTA
-- BAKER
-- YDXCP
-- ILC
-- CQU
-- VUE
-- CVN
-- OCLCQ
-- BSC
082 ## - DEWEY DECIMAL CLASSIFICATION NUMBER
Classification number 239
Item number ZAC
100 1# - MAIN ENTRY--PERSONAL NAME
Personal name Zacharias, Ravi K.
9 (RLIN) 87
245 10 - TITLE STATEMENT
Title Beyond opinion :
Remainder of title living the faith that we defend /
Statement of responsibility, etc. Ravi Zacharias, author and general editor.
246 13 -
-- Pastor's study sermons
260 ## - PUBLICATION, DISTRIBUTION, ETC.
Place of publication, distribution, etc. Nashville :
Name of publisher, distributor, etc. Thomas Nelson,
Date of publication, distribution, etc. c2007.
300 ## - PHYSICAL DESCRIPTION
Extent xx, 360 p. ;
Dimensions 25 cm.
500 ## - GENERAL NOTE
General note INCLUDES BOOKLET: Pastor's study sermons.
504 ## - BIBLIOGRAPHY, ETC. NOTE
Bibliography, etc. note Includes bibliographical references (p. 343-360).
505 0# - FORMATTED CONTENTS NOTE
Formatted contents note Postmodern challenges to the Bible / Amy Orr-Ewing -- Chalenges from atheism / Alister McGrath -- Challenges from youth / Alison Thomas -- Challenges from Islam / Sam Soloman -- Challenges from Eastern religions / L.T. Jeyachandran -- Challenges from science / John Lennox -- Conversational apologetics / Michael Ramsden -- Broader cultural and philosophical challenges / Joe Boot -- Existential challenges of evil and suffering / Ravi Zacharias -- Cross-cultural challenges / I'Ching Thomas -- The Trinity as a paradigm for spiritual transformation / L.T. Jeyachandran -- The role of doubt and persecution in spiritual transformation / Stuart McAllister -- Idolatry, denial, and self-deception: hearts on pilgrimage through the valleys / Danielle DuRant -- The Church's role in apologetics and the development of the mind ; Apologetics for today / Ravi Zacharias.
520 ## - SUMMARY, ETC.
Summary, etc. Addresses issues such as the validity of the Bible, the hypocrisy of its followers, and the need to make a new statement on faith, allowing Christians everywhere to simultaneously defend the faith and be transformed by it into people of compassion.
650 #0 - SUBJECT ADDED ENTRY--TOPICAL TERM
Topical term or geographic name entry element Apologetics.
9 (RLIN) 85
650 #0 - SUBJECT ADDED ENTRY--TOPICAL TERM
Topical term or geographic name entry element Christianity and other religions.
9 (RLIN) 12
942 ## - ADDED ENTRY ELEMENTS (KOHA)
Source of classification or shelving scheme Dewey Decimal Classification
Koha item type Books
Koha issues (borrowed), all copies 13
Holdings
Withdrawn status Lost status Source of classification or shelving scheme Damaged status Not for loan Home library Current Library Shelving location Date acquired Total checkouts Full call number Barcode Date last seen Date last checked out Copy number Price effective from Koha item type
    Dewey Decimal Classification     GRACE BIBLE COLLEGE GRACE BIBLE COLLEGE Theology 2021-11-17 3 239 ZAC 015329 2025-07-23 2025-07-16 c.1 2021-11-17 Books
    Dewey Decimal Classification     GRACE BIBLE COLLEGE GRACE BIBLE COLLEGE Theology 2021-11-17 4 239 ZAC 015330 2025-05-01 2023-10-14 c.2 2021-11-17 Books
    Dewey Decimal Classification     GRACE BIBLE COLLEGE GRACE BIBLE COLLEGE Theology 2021-11-17 11 239 ZAC 015331 2025-09-10 2025-09-04 c.3 2021-11-17 Books
© Grace Bible College Library 2025